000 00303nam a22001457a 4500
008 221013b ||||| |||| 00| 0 eng d
020 _a9781437701265
041 _aeng
080 _a61
082 _a61
100 _a5
101 _aMJEK
245 _aINFECTIOUS DISEASES
_cJONG E
942 _2udc
_cBK
999 _c58547
_d58547